| 000 | 00662nam a2200253Ia 4500 | ||
|---|---|---|---|
| 003 | OSt | ||
| 005 | 20221006150510.0 | ||
| 006 | a|||||r|||| 00| 0 | ||
| 007 | ta | ||
| 008 | 221006b |||||||| |||| 00| 0 chi d | ||
| 020 |
_c _2.50 |
||
| 024 | _a18,844 | ||
| 037 |
_bGift, Japan Foundation _cTextual |
||
| 040 |
_aEASL _cEASL _bchi |
||
| 041 |
_2chi _achi |
||
| 082 | _aQ841,N7, L9 | ||
| 100 |
_aYA HAN ZHANG ZHU _9656833 |
||
| 245 | 0 | _aWu shen lun he zong jiao wenti | |
| 260 | _c1979 | ||
| 300 |
_a135p. _ccm. |
||
| 650 | _aJL | ||
| 942 |
_hQ841,N7, L9 _cTEXL _2CC |
||
| 999 |
_c1086930 _d1086930 |
||